because dreaming costs money, my dear - mitski lyrics - Statistics

General Stats
  • This quiz has been taken 89 times
  • The average score is 87 of 118
Answer Stats
Answer % Correct
chorus so
97%
you
97%
your
97%
darling,
95%
verse 1 | verse 2 i
95%
play
95%
some
95%
violin
95%
for
92%
for,
92%
know
92%
we
92%
it
89%
it's
89%
somehow
89%
wiil
89%
will
89%
a
87%
manage
87%
what
87%
live
82%
can
76%
me
76%
the
76%
on
71%
in
68%
still
68%
don't
66%
fire
66%
long
66%
my
66%
out
66%
smell
66%
though
66%
to
63%
and
61%
hair
58%
smoke
58%
be
55%
burns
55%
died
55%
eyes
55%
say
55%
sorry
55%
hangs
53%
but
50%
hear
50%
i'm
50%
quiet
47%
sea
45%
used
45%
ear,
42%
lived
42%
now
42%
once
42%
where
42%
evenings
39%
shell
39%
just
37%
oh,
37%
baby
34%
bring
34%
tide
34%
you're
32%
dare
26%
here
24%
regret
24%
anything
21%
remember
13%
No matching quizzes found
Score Distribution
Percent of People with Each Score
Percentile by Number Answered
Your Score History
You have not taken this quiz